LEADER 01338nam a2200301 4500 001 000000345683 003 CaOOAMICUS 005 20210518140426.0 008 210503s2010 it 000 u ita r 040 $aSeMil$bita 100 1 $aVoltaire,$d<1694-1778>.$0(OLS)http://semarc/name/2707 240 10$aTraité sur la tolérance.$0(OLS)http://semarc/title/108222 245 10$aSulla tolleranza /$cVoltaire ; prefazione di Sergio Romano. 250 $aEd. speciale per il Corriere della Sera 264 1$aMilano :$bRCS Quotidiani,$c2010. 300 $a118 p. ;$c20 cm 490 1 $aI classici del pensiero libero : libri che hanno cambiato il mondo ;$v1 500 $aTrad. di Piero Bianconi 650 4$aTolleranza religiosa.$0(OLS)http://semarc/subject/10637 650 4$aVoltaire <1694-1778> - Opere.$0(OLS)http://semarc/subject/763 700 1 $aRomano, Sergio,$d<1929- >.$0(OLS)http://semarc/name/5465 830 2$aI classici del pensiero libero ;$v1.$0(OLS)http://semarc/title/434844 850 $aSeMil 852 $aSeMil$W1$xVenegono$y1$m2P I 1044$j256990$B236742$CSeMilBibl$Z2$F236742 $81 961 $aMagni don Walter - Omaggio 996 $6245$aSulla tolleranza$9(OLS)http://semarc/title/434842 996 $6264$aMilano :$bRCS Quotidiani$9(OLS)http://semarc/publisher/34515 LEADER 00857nam a2200205 i 4500 001 000000068915 003 CaOOAMICUS 005 20100813000000.0 008 100813s1974 it u000 u ita u 013 $a40087 040 $aSeMil$bita 100 1 $aFreud, Sigmund,$d<1856-1939>.$0(OLS)http://semarc/name/2936 245 10$aOpere 1909-1912 :$bCasi clinici e altri scritti /$cSigmund Freud. 260 $aTorino :$bBoringhieri,$c1974. 300 $aXVIII, 613 p., [3] c. di tav. :$bill. ;$c23 cm. 773 0 $tOpere di Sigmund Freud.$dTorino : Boringhieri, 1967-1989.$g6$w()6487 850 $aSeMil 852 $aSeMil$W1$xVenegono$y1$m2O IV 226$j35068$B35068$CSeMilBibl$Z2$F35071 $81 996 $6245$aOpere 1909-1912 :$bCasi clinici e altri scritti$9(OLS)http://semarc/title/110225 996 $6260$aTorino :$bBoringhieri$9(OLS)http://semarc/publisher/30229